UM Logo

The spectre of comparisons: (Record no. 2919)

MARC details
000 -LEADER
fixed length control field 00556nam a22001697a 4500
008 - FIXED-LENGTH DATA ELEMENTS--GENERAL INFORMATION
fixed length control field 160531b xxu||||| |||| 00| 0 eng d
020 ## - INTERNATIONAL STANDARD BOOK NUMBER
International Standard Book Number 9715504639
082 ## - DEWEY DECIMAL CLASSIFICATION NUMBER
Edition number 2004
Classification number DFil 320.959
Item number An2
100 ## - MAIN ENTRY--PERSONAL NAME
9 (RLIN) 9702
Personal name Anderson, Benedict
245 ## - TITLE STATEMENT
Title The spectre of comparisons:
Remainder of title nationalism, Southeast Asia, and the world/
Statement of responsibility, etc. Benedict Anderson.
260 ## - PUBLICATION, DISTRIBUTION, ETC. (IMPRINT)
Place of publication, distribution, etc. Manila:
Name of publisher, distributor, etc. ADMU Press,
Date of publication, distribution, etc. c2004.
300 ## - PHYSICAL DESCRIPTION
Extent xv, 374 pages;
Dimensions 23 cm.
500 ## - GENERAL NOTE
General note Includes index.
650 #0 - SUBJECT ADDED ENTRY--TOPICAL TERM
9 (RLIN) 9703
Topical term or geographic name as entry element Nationalism
Geographic subdivision Asia, Southeastern
365 ## - TRADE PRICE
Price amount 474.00
Currency code Php
942 ## - ADDED ENTRY ELEMENTS (KOHA)
Source of classification or shelving scheme Dewey Decimal Classification
Koha item type Filipiniana
Holdings
Withdrawn status Lost status Source of classification or shelving scheme Damaged status Not for loan Collection code Home library Current library Date acquired Source of acquisition Total Checkouts Full call number Barcode Date last seen Price effective from Koha item type
    Dewey Decimal Classification     Filipiniana UM Digos College - LIC UM Digos College - LIC 09/15/2004 Purchased   DFil 320.959 An2 2004 17830 05/15/2025 05/31/2016 Filipiniana